| 000 | 00641cab a2200241 4500 | ||
|---|---|---|---|
| 001 | ABS46152 | ||
| 008 | 090401t1992 xxu||||| |||| 00| 0 eng d | ||
| 035 | _a(Sirsi) u56993 | ||
| 041 | _aeng | ||
| 100 | _aEmden, van J. | ||
| 245 | _aMarketing | ||
| 260 | _c1992 | ||
| 350 | _a0 | ||
| 490 |
_aChartered Quantity Surveyor _v14(2) March 1992, 18(1) |
||
| 520 | _aOffers the QS a brief guide to effective presentation to potential clients. | ||
| 650 | _aMARKETING | ||
| 650 | _aPRESENTATION | ||
| 650 | _aPROMOTION | ||
| 690 | _aPROFESSIONAL PRACTICE | ||
| 690 |
_aQuantity surveying _96263 |
||
| 942 | _n0 | ||
| 948 | _c04/03/1997 | ||
| 999 |
_c34760 _d34760 |
||